| 000 | 01500nam a2200277 a 4500 | ||
|---|---|---|---|
| 005 | 20170823020002.0 | ||
| 008 | 140124b2005 ck ||||| |||| 00| 0 spa d | ||
| 040 | _cCO-BoIH | ||
| 041 | _aspa | ||
| 044 | _ack | ||
| 090 |
_aIAVH _b00414 |
||
| 100 |
_aUribe Restrepo, Daniel Alberto _94971 |
||
| 245 |
_aManual de métodos para la caracterización biológica y socioeconómica de paisajes rurales _bfundamentos y desarrollos preliminares |
||
| 260 |
_aBogotá _bInstituto Alexander von Humboldt _c2005 |
||
| 300 | _a128 p. | ||
| 520 | _aEl manual representa un aporte a la consecución del segundo y tercer resultados que espera obtener el Proyecto Andes, a saber: una base expandida de conocimientos sobre la biodiversidad de los Andes, y paisajes rurales modificados para la conservación y uso sostenible de la biodiversidad. Partiendo del contexto biogeográfico y ecosistémico de la zona andina colombiana, define los propósitos y objetivos de la caracterización biológica y socioeconómica, explica los criterios de selección del área de estudio, explica los métodos de esa caracterización, concluyendo en el análisis de los datos recolectados | ||
| 650 |
_aDiversidad _929392 |
||
| 650 |
_aCaracterización biológica _92833 |
||
| 650 |
_aSocioeconómica _929393 |
||
| 650 |
_aPaisajes Rurales _92419 |
||
| 650 |
_aCaracterización biológica _92833 |
||
| 650 |
_aSocioeconómica _929394 |
||
| 650 |
_aPaisajes Rurales _92419 |
||
| 942 |
_cINFORME _2z _01 |
||
| 945 | _d2005-11-10 | ||
| 999 |
_c4781 _d4781 |
||